|
|
|
|
| LEADER |
00861cam a2200241 7i4500 |
| 001 |
0000033054 |
| 005 |
20160107090000.0 |
| 020 |
0 |
0 |
|a 9781439880241
|
| 090 |
0 |
0 |
|a I 363.8560973
|b OBE
|
| 100 |
1 |
0 |
|a Obenchain, Janel
|
| 245 |
1 |
0 |
|a Food policy :
|b looking forward from the past.
|
| 264 |
# |
0 |
|a Boca Raton, FL ::
|b CRC Press, Taylor & Francis Group,
|c 2016.
|
| 300 |
# |
# |
|a 510 pages.
|
| 336 |
# |
# |
|a text
|2 rdacontent
|
| 337 |
# |
# |
|a unmediated
|2 rdamedia
|
| 338 |
# |
# |
|a volume
|2 rdacarrier
|
| 650 |
0 |
0 |
|a Food industry and trade --
|z United States
|
| 650 |
0 |
0 |
|a Food --
|x Safety measures
|
| 650 |
0 |
0 |
|a Food consumption --
|z United States
|
| 650 |
0 |
0 |
|a Food supply --
|x Government policy --
|z United States
|
| 650 |
0 |
0 |
|a Food security --
|x Government policy --
|z United States
|
| 700 |
1 |
0 |
|a Spark, Arlene
|
| 999 |
|
|
|a 0000037087
|b Book
|c International
|e Business Information Centre
|